书目信息 |
| 题名: |
树木引种驯化与困难立地植被恢复
|
|
| 作者: | 江泽平 编著 | |
| 分册: | ||
| 出版信息: | 北京 中国林业出版社 2019重印 |
|
| 页数: | 236页 | |
| 开本: | 26cm | |
| 丛书名: | ||
| 单 册: | ||
| 中图分类: | S722 , S718.53 | |
| 科图分类: | ||
| 主题词: | 树木--shu mu--植物育种--研究 , 立地条件--li di tiao jian--植被--恢复--研究 | |
| 电子资源: | ||
| ISBN: | 978-7-5038-8406-1 | |
| 000 | 01324nam0 2200301 45 | |
| 001 | 012001002572 | |
| 005 | 20140101162201.0 | |
| 010 | @a978-7-5038-8406-1@dCNY89.00 | |
| 099 | @aCAL 012016127827 | |
| 100 | @a20160926d2016 em y0chiy50 ea | |
| 101 | 0 | @achi |
| 102 | @aCN@b110000 | |
| 105 | @aak a 000yy | |
| 106 | @ar | |
| 200 | 1 | @a树木引种驯化与困难立地植被恢复@Ashu mu yin zhong xun hua yu kun nan li di zhi bei hui fu@d= Tree introduction and domestication for vegetation restoration at harsh site conditions@f江泽平 ... [等] 编著@zeng |
| 210 | @a北京@c中国林业出版社@d2019重印 | |
| 215 | @a236页@c图@d26cm | |
| 304 | @a题名页题其余责任者: 郑勇奇, 张川红, 刘建锋 | |
| 320 | @a有书目 | |
| 330 | @a本书主要通过相关文献综合介绍了树木的引种与驯化, 包括遗传资源研究与选择、新品种研究和良种的选育驯化工作。还介绍了困难立地植被恢复的有关内容, 对各类困难立地的现状和特点进行描述, 分析了困难立地造林中存在的主要问题, 提出植被恢复建议。 | |
| 510 | 1 | @aTree introduction and domestication for vegetation restoration at harsh site conditions@zeng |
| 606 | 0 | @a树木@Ashu mu@x植物育种@x研究 |
| 606 | 0 | @a立地条件@Ali di tiao jian@x植被@x恢复@x研究 |
| 690 | @aS722@v5 | |
| 690 | @aS718.53@v5 | |
| 701 | 0 | @a江泽平@Ajiang ze ping@4编著 |
| 801 | 0 | @aCN@b北京卓展@c20191020 |
| 905 | @b1203925-7@dS722@e129@f3 | |
| 树木引种驯化与困难立地植被恢复= Tree introduction and domestication for vegetation restoration at harsh site conditions/江泽平 ... [等] 编著.-北京:中国林业出版社,2019重印 |
| 236页:图;26cm |
| ISBN 978-7-5038-8406-1:CNY89.00 |
| 本书主要通过相关文献综合介绍了树木的引种与驯化, 包括遗传资源研究与选择、新品种研究和良种的选育驯化工作。还介绍了困难立地植被恢复的有关内容, 对各类困难立地的现状和特点进行描述, 分析了困难立地造林中存在的主要问题, 提出植被恢复建议。 |
| ● |
| 相关链接 |
|
|
|
|
正题名:树木引种驯化与困难立地植被恢复
索取号:S722/129
 
预约/预借
| 序号 | 登录号 | 条形码 | 馆藏地/架位号 | 状态 | 备注 |
| 1 | 1203925 | 212039257 | 第二样本阅览室/ [索取号:S722/129] | 在馆 | |
| 2 | 1203926 | 212039266 | 第三借阅区/ [索取号:S722/129] | 在馆 | |
| 3 | 1203927 | 212039275 | 第三借阅区/ [索取号:S722/129] | 在馆 |